[Event "CZE-chT2D 1011"]
[Site "Czech Republic"]
[Date "2011.03.27"]
[Round "10"]
[White "Mojzis, Jaroslav"]
[Black "Lacko, Jan"]
[Result "1-0"]
[WhiteElo "2220"]
[BlackElo "2195"]
[PlyCount "45"]
[EventDate "2010.10.17"]
[EventType "team-tourn"]
[EventRounds "11"]
[EventCountry "CZE"]
[SourceTitle "EXT 2012"]
[Source "ChessBase"]
[SourceDate "2011.11.24"]
[SourceVersion "1"]
[SourceVersionDate "2011.11.24"]
[SourceQuality "1"]
[WhiteTeam "Polabiny II"]
[BlackTeam "Brno Duras II"]
[WhiteTeamCountry "CZE"]
[BlackTeamCountry "CZE"]

1. Nf3 c5 2. g3 g6 3. Bg2 Bg7 4. d4 cxd4 5. Nxd4 Nc6 6. e3 Qb6 7. Nb3 d6 8. 0-0 Nf6 9. h3 Be6 10. e4 0-0 11. Nc3 Nb4 12. Re1 Rac8 13. Bg5 h6 14. Be3 Qc7 15. Rc1 Qd7 16. Kh2 Rxc3 17. bxc3 Nxa2 18. Ra1 Nxc3 19. Qd3 a6 20. Nd4 Rc8 21. Nxe6 Qxe6 22. e5 Nfd5 23. Bd4 1-0

[Event "CZE-chT2D 1011"]
[Site "Czech Republic"]
[Date "2010.11.07"]
[Round "2"]
[White "Hajek, Jaroslav"]
[Black "Lacko, Jan"]
[Result "1/2-1/2"]
[WhiteElo "2028"]
[BlackElo "2195"]
[PlyCount "34"]
[EventDate "2010.10.17"]
[EventType "team-tourn"]
[EventRounds "11"]
[EventCountry "CZE"]
[SourceTitle "EXT 2012"]
[Source "ChessBase"]
[SourceDate "2011.11.24"]
[SourceVersion "1"]
[SourceVersionDate "2011.11.24"]
[SourceQuality "1"]
[WhiteTeam "Zajecice"]
[BlackTeam "Brno Duras II"]
[WhiteTeamCountry "CZE"]
[BlackTeamCountry "CZE"]

1. e4 c5 2. f4 Nc6 3. Nf3 g6 4. Nc3 Bg7 5. Bc4 Nh6 6. 0-0 0-0 7. d3 Na5 8. Bb3 Nxb3 9. axb3 f5 10. Qe2 b6 11. Bd2 Bb7 12. Ra2 a5 13. g3 fxe4 14. dxe4 Ba6 15. Nb5 d5 16. exd5 Qxd5 17. Qc4 e6 1/2-1/2

[Event "CZE-chT2E 0809"]
[Site "Czech Republic"]
[Date "2008.12.21"]
[Round "5.6"]
[White "Lacko, Jan"]
[Black "Gerych, Jan"]
[Result "1/2-1/2"]
[WhiteElo "2203"]
[BlackElo "2063"]
[PlyCount "112"]
[EventDate "2008.10.12"]
[EventType "team-tourn"]
[EventRounds "11"]
[EventCountry "CZE"]
[SourceTitle "EXT 2010"]
[Source "ChessBase"]
[SourceDate "2010.11.25"]
[SourceVersion "1"]
[SourceVersionDate "2010.11.25"]
[SourceQuality "1"]
[WhiteTeam "Brno Duras III"]
[BlackTeam "Olomouc"]
[WhiteTeamCountry "CZE"]
[BlackTeamCountry "CZE"]

1. c4 Nf6 2. Nc3 e5 3. g3 d5 4. cxd5 Nxd5 5. Bg2 Nb6 6. Nf3 Nc6 7. 0-0 Be7 8. d3 0-0 9. Be3 Be6 10. Qd2 Nd5 11. Rfc1 Nxe3 12. Qxe3 f6 13. Na4 Qd7 14. Nc5 Bxc5 15. Qxc5 Rfd8 16. b4 a6 17. a4 Bd5 18. Rab1 Rac8 19. b5 axb5 20. axb5 Bxf3 21. bxc6 Bxc6 22. Bxc6 bxc6 23. Qxc6 Qxc6 24. Rxc6 Rd6 25. Rc5 Kf7 26. Rb7 Rd7 27. Rc6 Re7 28. Kg2 Ke8 29. Kf3 Kd7 30. Rc4 Ke6 31. g4 c6 32. Rb6 Kd5 33. Ra4 Rec7 34. h4 Ke6 35. Ke3 Kd6 36. f4 Re8 37. f5 h6 38. Ke4 Kc5 39. Rb1 Rd7 40. Rc4+ Kd6 41. Rbc1 Rc7 42. Rh1 Rb8 43. g5 hxg5 44. hxg5 Rb2 45. Ke3 Rf7 46. g6 Ra7 47. Rhc1 Ra6 48. Kf3 Rab6 49. Rh1 Rb1 50. Rch4 Rxh1 51. Rxh1 Rb4 52. e3 Rb3 53. Ke4 Rb4+ 54. Kf3 Rb3 55. Ke4 Rb4+ 56. Kf3 Rb3 1/2-1/2

[Event "CZE-chT2E 0809"]
[Site "Czech Republic"]
[Date "2008.11.09"]
[Round "2.5"]
[White "Bohuslav, Jan"]
[Black "Lacko, Jan"]
[Result "0-1"]
[WhiteElo "2062"]
[BlackElo "2203"]
[PlyCount "90"]
[EventDate "2008.10.12"]
[EventType "team-tourn"]
[EventRounds "11"]
[EventCountry "CZE"]
[SourceTitle "EXT 2010"]
[Source "ChessBase"]
[SourceDate "2010.11.25"]
[SourceVersion "1"]
[SourceVersionDate "2010.11.25"]
[SourceQuality "1"]
[WhiteTeam "Postorna"]
[BlackTeam "Brno Duras III"]
[WhiteTeamCountry "CZE"]
[BlackTeamCountry "CZE"]

1. e4 c5 2. Nc3 d6 3. Nf3 e6 4. d4 cxd4 5. Nxd4 a6 6. Be3 Nf6 7. Be2 Qc7 8. 0-0 Nbd7 9. f4 Be7 10. Bf3 0-0 11. Qd2 Nb6 12. b3 d5 13. e5 Ne8 14. Nce2 f6 15. exf6 Nxf6 16. a4 Bd7 17. Qd3 Rae8 18. g4 e5 19. fxe5 Nxg4 20. Bxg4 Bxg4 21. Rf4 Bxe2 22. Nxe2 Qxe5 23. Raf1 Rxf4 24. Nxf4 Bg5 25. Bd4 Qe4 26. Bxb6 Bxf4 27. Rd1 Re6 28. Qxe4 dxe4 29. Rd8+ Kf7 30. Bc5 b6 31. Rf8+ Kg6 32. Bxb6 Bxh2+ 33. Kxh2 Rxb6 34. Kg3 Re6 35. Kf2 Rf6+ 36. Rxf6+ Kxf6 37. b4 Ke5 38. c4 h5 39. a5 h4 40. b5 h3 41. bxa6 e3+ 42. Kg3 e2 43. a7 e1Q+ 44. Kxh3 Qh1+ 45. Kg4 Qg1+ 0-1

[Event "CZE-chT2e 0607"]
[Site "Czech Republic"]
[Date "2007.03.11"]
[Round "9.5"]
[White "Navratilik, Pavel"]
[Black "Lacko, Jan"]
[Result "1/2-1/2"]
[WhiteElo "2132"]
[BlackElo "2200"]
[PlyCount "81"]
[EventDate "2006.10.15"]
[EventType "team"]
[EventRounds "11"]
[EventCountry "CZE"]
[SourceTitle "EXT 2009"]
[Source "ChessBase"]
[SourceDate "2008.11.26"]
[SourceVersion "1"]
[SourceVersionDate "2008.11.26"]
[SourceQuality "1"]

1. d4 Nf6 2. c4 g6 3. Nc3 Bg7 4. g3 0-0 5. Bg2 d6 6. Nf3 Nbd7 7. 0-0 e5 8. e4 exd4 9. Nxd4 Re8 10. Re1 Nc5 11. h3 Bd7 12. Kh2 c6 13. Bf4 Ne6 14. Be3 Qc7 15. Qd2 Rad8 16. Rad1 h5 17. f4 Bc8 18. Qf2 h4 19. g4 Nc5 20. Qc2 Bxg4 21. hxg4 Nxg4+ 22. Kh3 Nxe3 23. Rxe3 Bxd4 24. Rxd4 Ne6 25. Ne2 Nxd4 26. Nxd4 d5 27. e5 dxc4 28. Ne2 Qb6 29. Rf3 Qb4 30. Nc3 Rd3 31. a3 Qb6 32. Rxd3 cxd3 33. Qxd3 Rd8 34. Qe2 Rd4 35. e6 fxe6 36. Qxe6+ Kg7 37. Qe7+ Kg8 38. Ne4 Qb3+ 39. Kxh4 Qf7 40. Nf6+ Kg7 41. Ne8+ 1/2-1/2

[Event "CZE-chT2e 0607"]
[Site "Czech Republic"]
[Date "2007.02.11"]
[Round "7.5"]
[White "Slovak, Pavel"]
[Black "Lacko, Jan"]
[Result "1-0"]
[WhiteElo "2074"]
[BlackElo "2200"]
[PlyCount "51"]
[EventDate "2006.10.15"]
[EventType "team"]
[EventRounds "11"]
[EventCountry "CZE"]
[SourceTitle "EXT 2009"]
[Source "ChessBase"]
[SourceDate "2008.11.26"]
[SourceVersion "1"]
[SourceVersionDate "2008.11.26"]
[SourceQuality "1"]

1. e4 c5 2. Nf3 d6 3. d4 cxd4 4. Nxd4 Nf6 5. Nc3 a6 6. Be3 e6 7. Be2 Qc7 8. 0-0 Nbd7 9. f4 b5 10. a3 Bb7 11. Bf3 Nc5 12. e5 dxe5 13. fxe5 Qxe5 14. Bf4 Bxf3 15. Rxf3 Qh5 16. Qe2 Rd8 17. Rd1 Nd5 18. Nc6 Rd7 19. Nxb5 Nb7 20. Qd3 Bc5+ 21. Kh1 0-0 22. Nc3 Nd8 23. Qxa6 Nc7 24. Bxc7 Rxd1+ 25. Nxd1 Qd5 26. Bxd8 1-0

[Event "CZE-chT2e 0607"]
[Site "Czech Republic"]
[Date "2006.12.17"]
[Round "5.6"]
[White "Lacko, Jan"]
[Black "Nejezchleba, Josef"]
[Result "1/2-1/2"]
[WhiteElo "2200"]
[BlackElo "2096"]
[PlyCount "71"]
[EventDate "2006.10.15"]
[EventType "team"]
[EventRounds "11"]
[EventCountry "CZE"]
[SourceTitle "EXT 2009"]
[Source "ChessBase"]
[SourceDate "2008.11.26"]
[SourceVersion "1"]
[SourceVersionDate "2008.11.26"]
[SourceQuality "1"]

1. c4 f5 2. Nc3 e5 3. g3 Nf6 4. Bg2 c6 5. d3 Bb4 6. Nf3 Bxc3+ 7. bxc3 Qe7 8. 0-0 0-0 9. c5 Qxc5 10. Qb3+ Qd5 11. Nxe5 Qxb3 12. axb3 Re8 13. Nc4 Na6 14. Bf3 d5 15. Nd6 Rd8 16. Nxc8 Rdxc8 17. Be3 Kf7 18. Ra5 Nc7 19. Rfa1 a6 20. c4 Rd8 21. Bb6 Rac8 22. Rc1 dxc4 23. bxc4 g6 24. Rb1 Rd7 25. Be3 Ne6 26. Ra2 Re8 27. Rab2 Ree7 28. h3 g5 29. Kf1 h5 30. Bd2 g4 31. Bg2 Kg6 32. h4 Rf7 33. Bc3 f4 34. Kg1 f3 35. Bf1 fxe2 36. Bxe2 1/2-1/2

[Event "CZE-chT1 East 0506"]
[Site "Czech Republic"]
[Date "2006.01.21"]
[Round "8.8"]
[White "Lacko, Jan"]
[Black "Benco, Pavel"]
[Result "1/2-1/2"]
[WhiteElo "2209"]
[BlackElo "2125"]
[PlyCount "42"]
[EventDate "2005.10.23"]
[EventType "team"]
[EventRounds "11"]
[EventCountry "CZE"]
[SourceTitle "EXT 2008"]
[Source "ChessBase"]
[SourceDate "2007.11.25"]
[SourceVersion "1"]
[SourceVersionDate "2007.11.25"]
[SourceQuality "1"]

1. c4 e5 2. Nc3 Nc6 3. g3 Nf6 4. Bg2 Bc5 5. e3 d5 6. Nxd5 Nxd5 7. cxd5 Nb4 8. Qb3 c6 9. Ne2 Nxd5 10. 0-0 0-0 11. d4 exd4 12. Nxd4 Bxd4 13. exd4 Re8 14. Be3 Rb8 15. Rfe1 Be6 16. Qa3 Qb6 17. Rad1 a6 18. Bd2 Qd8 19. Re5 Qe7 20. Qc5 Qd7 21. Rde1 h6 1/2-1/2

[Event "CZE-chT2d 0405"]
[Site "Czech Republic"]
[Date "2005.??.??"]
[Round "6"]
[White "Krcmar, Zdenek"]
[Black "Lacko, Jan"]
[Result "1-0"]
[WhiteElo "2285"]
[BlackElo "2230"]
[PlyCount "61"]
[EventDate "2004.10.??"]
[EventType "team"]
[EventRounds "11"]
[EventCountry "CZE"]
[SourceTitle "EXT 2007"]
[Source "ChessBase"]
[SourceDate "2006.11.23"]
[SourceVersion "1"]
[SourceVersionDate "2006.11.23"]
[SourceQuality "1"]

1. e4 c5 2. Nf3 d6 3. d4 cxd4 4. Nxd4 Nf6 5. Nc3 a6 6. g3 e6 7. Bg2 Be7 8. 0-0 0-0 9. h3 Qc7 10. Be3 Nc6 11. Nxc6 bxc6 12. Na4 Rb8 13. c4 c5 14. b3 Bb7 15. Qc2 Bc6 16. Nc3 Qb7 17. Rad1 a5 18. Rd2 Qa8 19. Bf4 Ne8 20. f3 a4 21. Rb1 Rb4 22. Bf1 f5 23. exf5 Rxf5 24. Bd3 Rh5 25. Rh2 Bxf3 26. Nxa4 Bf6 27. Re1 Bd4+ 28. Kf1 e5 29. g4 Rh4 30. Bg5 e4 31. Bxe4 1-0

[Event "CZE-chT2d 0405"]
[Site "Czech Republic"]
[Date "2005.??.??"]
[Round "7"]
[White "Lacko, Jan"]
[Black "Symersky, Petr"]
[Result "1/2-1/2"]
[WhiteElo "2210"]
[BlackElo "2090"]
[PlyCount "63"]
[EventDate "2004.10.??"]
[EventType "team"]
[EventRounds "11"]
[EventCountry "CZE"]
[SourceTitle "EXT 2007"]
[Source "ChessBase"]
[SourceDate "2006.11.23"]
[SourceVersion "1"]
[SourceVersionDate "2006.11.23"]
[SourceQuality "1"]

1. c4 e6 2. Nc3 d5 3. cxd5 exd5 4. d4 Nf6 5. Bg5 Be7 6. e3 0-0 7. Qc2 c6 8. Bd3 Nbd7 9. Nf3 Re8 10. 0-0 h6 11. Bh4 Ne4 12. Bxe7 Qxe7 13. b4 a6 14. a4 Ng5 15. Nxg5 hxg5 16. b5 axb5 17. axb5 Rxa1 18. Rxa1 Nf6 19. bxc6 bxc6 20. Na4 Qd6 21. Qc5 Qxc5 22. Nxc5 Nd7 23. Nb3 Nf8 24. Rc1 Bd7 25. Nc5 Bc8 26. Kf1 g6 27. Nb3 Bd7 28. Ba6 Rb8 29. Nc5 Rb6 30. Bd3 Be8 31. Ra1 Nd7 32. Ra8 1/2-1/2

[Event "MOR-chT 0405"]
[Site "Czech Republic"]
[Date "2004.10.24"]
[Round "3.7"]
[White "Vyskocil, Neklan"]
[Black "Lacko, Jan"]
[Result "1/2-1/2"]
[WhiteElo "2305"]
[BlackElo "2231"]
[PlyCount "89"]
[EventDate "2004.10.09"]
[EventType "team"]
[EventRounds "11"]
[EventCountry "CZE"]
[SourceTitle "CBM 103 Extra"]
[Source "ChessBase"]
[SourceDate "2005.01.01"]
[SourceVersion "1"]
[SourceVersionDate "2005.01.01"]
[SourceQuality "1"]

1. e4 c5 2. Nf3 d6 3. d4 cxd4 4. Nxd4 Nf6 5. Nc3 a6 6. Bc4 e6 7. Bb3 b5 8. Bg5 b4 9. Na4 Nbd7 10. 0-0 Qc7 11. Re1 Bb7 12. Qf3 Qa5 13. Bxf6 Nxf6 14. c3 Be7 15. cxb4 Qxb4 16. Nc2 Qa5 17. Nc3 0-0 18. Rad1 Rac8 19. Rd4 Rfd8 20. Red1 Ne8 21. Ra4 Qe5 22. Ne3 Nf6 23. Rad4 Rxc3 24. bxc3 Bxe4 25. Qe2 d5 26. Nc4 Qg5 27. f3 Bc5 28. fxe4 dxc4 29. Bxc4 e5 30. Bxf7+ Kh8 31. Kh1 exd4 32. e5 d3 33. exf6 Qxf6 34. Rxd3 Rf8 35. Rf3 Qh6 36. Bc4 Qc1+ 37. Qf1 Qxf1+ 38. Rxf1 Rxf1+ 39. Bxf1 a5 40. g3 Kg8 41. Kg2 Kf7 42. Kf3 Ke6 43. Ke4 Be7 44. Kd4 Kd6 45. Bd3 1/2-1/2

[Event "MOR-chT 0405"]
[Site "Czech Republic"]
[Date "2004.10.10"]
[Round "2.7"]
[White "Lacko, Jan"]
[Black "Virostko, Petr"]
[Result "0-1"]
[WhiteElo "2231"]
[BlackElo "2296"]
[PlyCount "62"]
[EventDate "2004.10.09"]
[EventType "team"]
[EventRounds "11"]
[EventCountry "CZE"]
[SourceTitle "CBM 103 Extra"]
[Source "ChessBase"]
[SourceDate "2005.01.01"]
[SourceVersion "1"]
[SourceVersionDate "2005.01.01"]
[SourceQuality "1"]

1. c4 e5 2. Nc3 Nf6 3. g3 d5 4. cxd5 Nxd5 5. Bg2 Nb6 6. Nf3 Nc6 7. 0-0 Be7 8. d3 0-0 9. Be3 Re8 10. Rc1 Bf8 11. Ne4 Nd4 12. Nc5 Bxc5 13. Rxc5 Bg4 14. Bxd4 exd4 15. h3 Be6 16. a4 Qd6 17. b4 a5 18. Qa1 axb4 19. Qxd4 Nxa4 20. Rb5 b3 21. Qh4 Nc3 22. Rxb7 h6 23. Nd2 Rab8 24. Ne4 Nxe2+ 25. Kh2 Qd4 26. Rxc7 b2 27. Qh5 Qd8 28. Rc5 Qxd3 29. Nf6+ gxf6 30. Qxh6 b1Q 31. Rxb1 Qxb1 0-1

[Event "CZE-chT2d 0304"]
[Site "Czech Republic"]
[Date "2004.??.??"]
[Round "?"]
[White "Lacko, Jan"]
[Black "Krondraf, Karel"]
[Result "1/2-1/2"]
[WhiteElo "2180"]
[BlackElo "2100"]
[PlyCount "81"]
[EventDate "2003.??.??"]
[EventType "team"]
[EventRounds "11"]
[EventCountry "CZE"]
[SourceTitle "EXT 2007"]
[Source "ChessBase"]
[SourceDate "2006.11.23"]
[SourceVersion "1"]
[SourceVersionDate "2006.11.23"]
[SourceQuality "1"]

1. c4 e6 2. Nc3 d5 3. cxd5 exd5 4. d4 Nf6 5. Bg5 Nbd7 6. e3 Be7 7. Qc2 h6 8. Bh4 0-0 9. Bd3 Re8 10. Nf3 c6 11. 0-0 Ne4 12. Bxe7 Qxe7 13. b4 Ndf6 14. b5 c5 15. Ne5 Nxc3 16. Qxc3 c4 17. Bc2 Nd7 18. Nf3 Nf8 19. Rfe1 f5 20. Ne5 Qd6 21. a4 g6 22. f3 Nd7 23. Nxd7 Bxd7 24. e4 Kf7 25. exd5 Qxd5 26. Re5 Rxe5 27. dxe5 Qc5+ 28. Kf1 a6 29. Qd2 Be6 30. Qxh6 Qxe5 31. Re1 Rh8 32. Qxg6+ Kxg6 33. Rxe5 Kf6 34. Rc5 Rxh2 35. Rc7 Rh1+ 36. Ke2 Rc1 37. Kd2 Rg1 38. Rxb7 Rxg2+ 39. Kc3 axb5 40. axb5 Rf2 41. Bd1 1/2-1/2

[Event "CZE-chT2d 0405"]
[Site "Czech Republic"]
[Date "2004.??.??"]
[Round "2"]
[White "Lacko, Jan"]
[Black "Mlynek, Petr"]
[Result "1/2-1/2"]
[WhiteElo "2230"]
[BlackElo "2215"]
[PlyCount "41"]
[EventDate "2004.10.??"]
[EventType "team"]
[EventRounds "11"]
[EventCountry "CZE"]
[SourceTitle "EXT 2007"]
[Source "ChessBase"]
[SourceDate "2006.11.23"]
[SourceVersion "1"]
[SourceVersionDate "2006.11.23"]
[SourceQuality "1"]

1. c4 c6 2. Nf3 d5 3. b3 Bf5 4. Bb2 e6 5. g3 Nf6 6. Bg2 Bc5 7. 0-0 h6 8. d3 0-0 9. Nc3 Nbd7 10. Qe1 Qe7 11. a3 a5 12. e4 Bh7 13. cxd5 cxd5 14. Qe2 Rfc8 15. e5 Ne8 16. d4 Bb6 17. Rac1 Rc6 18. Qe3 Rac8 19. Kh1 Bd8 20. Nb5 a4 21. Na7 1/2-1/2

[Event "CZE-chT2d 0304"]
[Site "Czech Republic"]
[Date "2004.??.??"]
[Round "?"]
[White "Lacko, Jan"]
[Black "Molik, Zdenek"]
[Result "1/2-1/2"]
[WhiteElo "2180"]
[BlackElo "2190"]
[PlyCount "52"]
[EventDate "2003.??.??"]
[EventType "team"]
[EventRounds "11"]
[EventCountry "CZE"]
[SourceTitle "EXT 2007"]
[Source "ChessBase"]
[SourceDate "2006.11.23"]
[SourceVersion "1"]
[SourceVersionDate "2006.11.23"]
[SourceQuality "1"]

1. c4 Nf6 2. Nc3 d5 3. cxd5 Nxd5 4. g3 e5 5. Bg2 Nb6 6. Nf3 Nc6 7. 0-0 Be7 8. d3 0-0 9. Be3 Bg4 10. a4 Bb4 11. Rc1 Re8 12. h3 Bh5 13. Qb3 Bf8 14. Nb5 Nd7 15. g4 Bg6 16. Ng5 a6 17. Bxc6 bxc6 18. Rxc6 Nc5 19. Bxc5 Qxg5 20. Nxc7 Rab8 21. Qc4 Red8 22. Bxf8 Rd4 23. Qc1 Rxg4+ 24. hxg4 Qxg4+ 25. Kh2 Qh4+ 26. Kg2 Qg4+ 1/2-1/2

[Event "MOR-chT 0203"]
[Site "Moravia"]
[Date "2003.02.09"]
[Round "7"]
[White "Lacko, Jan"]
[Black "Schirmbeck, Hannes"]
[Result "1-0"]
[WhiteElo "2183"]
[BlackElo "2136"]
[PlyCount "81"]
[EventDate "2002.10.??"]
[EventType "team"]
[EventRounds "11"]
[EventCountry "CZE"]
[SourceTitle "EXT 2006"]
[Source "ChessBase"]
[SourceDate "2005.11.24"]
[SourceVersion "1"]
[SourceVersionDate "2005.11.24"]
[SourceQuality "1"]

1. c4 Nf6 2. Nc3 e5 3. g3 Nc6 4. Bg2 Be7 5. Nf3 0-0 6. 0-0 d6 7. d3 Bg4 8. h3 Bd7 9. Rb1 Re8 10. b4 Qc8 11. Kh2 Nd8 12. b5 Ne6 13. Ba3 c6 14. bxc6 bxc6 15. c5 Qa6 16. Qc1 e4 17. dxe4 Nxc5 18. Bxc5 dxc5 19. Ne5 Be6 20. Qc2 Bd6 21. Nd3 c4 22. Nb4 Qa5 23. Nxc6 Qh5 24. Rb5 Qg6 25. Qd2 a6 26. Rg5 Qh6 27. f4 Bd7 28. e5 Ng4+ 29. Rxg4 Bxg4 30. exd6 Bd7 31. Ne5 Rad8 32. Ne4 Bf5 33. d7 Re7 34. Nc5 Rxe5 35. Qa5 Ree8 36. dxe8Q+ Rxe8 37. e4 Bc8 38. Qc3 Rd8 39. Qxc4 Rd2 40. f5 Qe3 41. Nb3 1-0

[Event "MOR-chT2S 0203"]
[Site "Moravia"]
[Date "2002.10.13"]
[Round "1"]
[White "Lacko, Jan"]
[Black "Mayer, Josef"]
[Result "1-0"]
[WhiteElo "2183"]
[BlackElo "2117"]
[PlyCount "59"]
[EventDate "2002.10.??"]
[EventType "team"]
[EventRounds "11"]
[EventCountry "CZE"]
[SourceTitle "EXT 2006"]
[Source "ChessBase"]
[SourceDate "2005.11.24"]
[SourceVersion "1"]
[SourceVersionDate "2005.11.24"]
[SourceQuality "1"]

1. c4 Nf6 2. Nc3 g6 3. g3 Bg7 4. Bg2 0-0 5. Nf3 d6 6. 0-0 e5 7. d3 Nc6 8. Rb1 a5 9. a3 Nd4 10. b4 axb4 11. axb4 c6 12. b5 Ne6 13. bxc6 bxc6 14. Be3 Nd7 15. Nd2 Qc7 16. Nb5 cxb5 17. Bxa8 bxc4 18. Nxc4 Nd4 19. Bg2 Nc5 20. Bxd4 exd4 21. Rb6 Be6 22. Rc6 Qe7 23. Nxd6 Nd7 24. Nc4 Nc5 25. Qc2 Bd7 26. Rc7 Ne6 27. Ra7 Qd8 28. Qb3 Bc8 29. Nb6 Qd6 30. Rc1 1-0